Initialed People Quiz Stats

 Plays Quiz Updated Jul 18, 2019

Score 0/24 Timer 07:00
0 Plays Today
Full Name Initialed Name % Correct
Joanne KathleenJ. K. Rowling
97.6%
Orenthal JamesO. J. Simpson
78.6%
Clive StaplesC. S. Lewis
75.2%
John Ronald ReuelJ. R. R. Tolkien
74.6%
Jerome DavidJ. D. Salinger
69.4%
Herbert GeorgeH.G. Wells
67%
John PierpontJ. P. Morgan
62%
Robert LawrenceR. L. Stine
58%
Phineas TaylorP. T. Barnum
57.3%
Elwyn BrooksE. B. White
55.2%
Thomas StearnsT. S. Eliot
52.2%
Alan AlexanderA. A. Milne
52.1%
Full Name Initialed Name % Correct
(Beale Street) Blues BoyB. B. King
51.8%
Kathryn Dawnk.d. lang
44.4%
Carsten CharlesCC Sabathia
42.7%
Burrhus FredericB. F. Skinner
21.9%
Maurits CornelisM. C. Escher
20.3%
Anthony JosephA. J. Foyt
20.3%
William ButlerW. B. Yeats
19.4%
Edward MorganE. M. Forster
16.4%
Wystan HughW.H. Auden
14.4%
David (Llewelyn) WarkD. W. Griffith
14.1%
Howard PhillipsH. P. Lovecraft
13.8%
Paul ThomasP. T. Anderson
12.2%

You're not logged in!

Compare scores with friends on all Sporcle quizzes.
OR
Log In

Sporcle TV

Today on Sporcle TV


Watch our educational content, quiz creation guides, and fun videos on Sporcle TV.

Show Comments

Extras

Top Quizzes Today


Score Distribution

Your Account Isn't Verified!

In order to create a playlist on Sporcle, you need to verify the email address you used during registration. Go to your Sporcle Settings to finish the process.

Report this User

Report this user for behavior that violates our Community Guidelines.

Details: